States that lie on the Atlantic Coast - Statistics

General Stats
  • This quiz has been taken 31 times
  • The average score is 4 of 6
Answers on the Grid
Answers color-coded by a green-red scale on the quiz's grid according to % correct below.
Tennessee
North Carolina
Pennsylvania
Georgia
Florida
South Carolina
Vermont
New York
Virginia
Texas
Louisiana
Alabama
 
Answer Stats
Answer % Correct
North Carolina
88%
Florida
76%
Virginia
65%
South Carolina
59%
Georgia
53%
New York
53%
No matching quizzes found
Score Distribution
Percent of People with Each Score
Percentile by Number Answered
Your Score History
You have not taken this quiz